Build and code creative robots with LEGO BOOST : (Record no. 28348)
[ view plain ]
| 000 -LEADER | |
|---|---|
| fixed length control field | 01566nam a2200289 i 4500 |
| 003 - CONTROL NUMBER IDENTIFIER | |
| control field | CSPC |
| 005 - DATE AND TIME OF LATEST TRANSACTION | |
| control field | 20241008165046.0 |
| 008 - FIXED-LENGTH DATA ELEMENTS--GENERAL INFORMATION | |
| fixed length control field | 241008s2021 -uka 001 0 eng d |
| 020 ## - INTERNATIONAL STANDARD BOOK NUMBER | |
| International Standard Book Number | 9781801075572 |
| 040 ## - CATALOGING SOURCE | |
| Transcribing agency | CSPC |
| Original cataloging agency | CSPC |
| Language of cataloging | eng |
| Description conventions | rda |
| 050 #4 - LIBRARY OF CONGRESS CALL NUMBER | |
| Classification number | TJ211 |
| 082 04 - DEWEY DECIMAL CLASSIFICATION NUMBER | |
| Classification number | 629.8920228 |
| Item number | Sh136b |
| 100 1# - MAIN ENTRY--PERSONAL NAME | |
| Personal name | Shah, Ashwin, |
| Relator term | author. |
| 245 10 - TITLE STATEMENT | |
| Title | Build and code creative robots with LEGO BOOST : |
| Remainder of title | unleash your creativity and imagination by building exciting robotics projects / |
| Statement of responsibility, etc. | Ashwin Shah. |
| 264 31 - PRODUCTION, PUBLICATION, DISTRIBUTION, MANUFACTURE, AND COPYRIGHT NOTICE | |
| Place of production, publication, distribution, manufacture | Birmingham, UK : |
| Name of producer, publisher, distributor, manufacturer | Packt Publishing Ltd., |
| Date of production, publication, distribution, manufacture, or copyright notice | 2021. |
| 300 ## - PHYSICAL DESCRIPTION | |
| Extent | xviii, 409 pages : |
| Other physical details | illustrations ; |
| Dimensions | 24 cm. |
| 336 ## - CONTENT TYPE | |
| Content type term | text |
| Source | rdacontent |
| 337 ## - MEDIA TYPE | |
| Media type term | unmediated |
| Source | rdamedia |
| 338 ## - CARRIER TYPE | |
| Carrier type term | volume |
| Source | rdacarrier |
| 500 ## - GENERAL NOTE | |
| General note | Includes index. |
| 505 0# - FORMATTED CONTENTS NOTE | |
| Formatted contents note | Introduction to the LEGO BOOST kit -- Building your first BOOST robot - tabletop fan -- Moving forward/backward without wheels -- LEGO BOOST rover -- Getting into gear - my first geared robot -- Building a forklift -- Building a helicopter -- Building R2-D2 -- Building an automatic entrance door -- Building a candy dispenser robot -- Building a color-sorter conveyor belt -- Building a BOOST racing car -- Final challenge -- The grabbing robot -- Obstacle avoidance robot -- The BOOST humanoid -- The moon rover. |
| 650 #0 - SUBJECT ADDED ENTRY--TOPICAL TERM | |
| Topical term or geographic name entry element | Robots |
| Form subdivision | Programming |
| General subdivision | Popular works. |
| 650 #0 - SUBJECT ADDED ENTRY--TOPICAL TERM | |
| Topical term or geographic name entry element | Coding theory |
| General subdivision | Popular works. |
| 650 #0 - SUBJECT ADDED ENTRY--TOPICAL TERM | |
| Topical term or geographic name entry element | LEGO toys. |
| 942 ## - ADDED ENTRY ELEMENTS (KOHA) | |
| Source of classification or shelving scheme | Dewey Decimal Classification |
| Suppress in OPAC | No |
| Koha item type | Books |
| Classification part | 629.8920228 |
| Call number prefix | GRD |
| Call number suffix | 2021 |
| Withdrawn status | Lost status | Source of classification or shelving scheme | Damaged status | Not for loan | Home library | Current library | Shelving location | Date acquired | Total Checkouts | Full call number | Barcode | Date last seen | Copy number | Price effective from | Koha item type |
|---|---|---|---|---|---|---|---|---|---|---|---|---|---|---|---|
| Dewey Decimal Classification | Main Library | Main Library | General Reference Section | 10/08/2024 | GRD 629.8920228 Sh136b 2021 | 028379 | 10/08/2024 | 1-1 | 10/08/2024 | Books |